000 00868cam a22002414a 4500
999 _c4348
_d4348
001 16682459
003 GBCCL
005 20241126110516.0
008 110308s2011 nyu 000 0 eng
010 _a 2011008822
040 _aDLC
_cDLC
_dYDX
_dUKMGB
_dKAT
_dYDXCP
_dBWX
_dMNJ
_dCDX
_dBTCTA
_dDLC
050 0 0 _aBT367.R36
_bD43 2011
082 0 0 _a232.955
_222
_bTAI
100 1 _aTaine, Paul
_98186
245 1 0 _aLazarus, come forth! :
_bthe story of Jewish man, who was raised from the dead to the glory of God /
_cPaul Taine
260 _aLondon :
_bOliphants,
_c1967.
300 _a124 p. ;
_c21 cm.
650 0 _aRaising of Lazarus (Miracle)
_98187
650 0 _aNonviolence
_xBiblical teaching.
_98188
906 _a7
_bcbc
_corignew
_d1
_eecip
_f20
_gy-gencatlg
942 _2ddc
_cBK